000 01624cam a2200373 a 4500
005 20200104041510.0
008 980114s1997 sz a frb i000 0 eng
020 _a2831704049
040 _aDLC
_cDLC
_dDLC
_dCO-BoIAVH
041 0 _aeng
044 _asz
082 0 0 _a333.9516
_bS87b
100 1 _aStone, R. David.
245 1 0 _aBusiness and biodiversity :
_ba guide for the private sector.
260 _aGeneva, Switzerland :
_bWorld Business Council for Sustainable Development ;
_aGland, Switzerland :
_bIUCN--the World Conservation Union,
_cc1997.
300 _a64 páginas :
_bIlustraciones ;
_c24 x 18 cm.
500 _a"This report was compiled for IUCN and WBCSD by: David Stone, Kristina Ringwood, Frank Vorhies"--T.p. verso.
500 _a"Este informe fue elaborado por la UICN y el WBCSD por: David Stone, Kristina Ringwood, Frank Vorhies" - T.p. verso.
500 _a"June 1997"--T.p. verso.
500 _a"Junio 1997"--T.p. verso.
504 _aIncluye referencias bibliográficas: página 63.
650 0 _aBiodiversity conservation.
650 0 _aBiodiversity conservation
_xEconomic aspects.
650 0 _aSustainable development.
650 0 _aBusiness.
650 1 6 _aBiología de la conservación
650 2 6 _aAspectos económicos
650 2 6 _aDesarrollo sostenible
700 1 _aRingwood, Kristina.
700 1 _aVorhies, Frank.
710 2 _aWorld Business Council for Sustainable Development.
710 2 _aInternational Union for Conservation of Nature and Natural Resources.
942 _2ddc
_cLIBRO
999 _c376
_d376